000 00923cam a2200289 a 4500
001 4945328
003 OSt
005 20230605140831.0
008 960730m19961998dcu b 001 0 eng
020 _a1557755876
020 _a1557756333 (vol. 2)
040 _aDLC
_cDLC
_dDLC
082 0 0 _a328.373
_bTHU
245 0 0 _aTax law design and drafting /
_ceditor, Victor Thuronyi.
260 _aWashington, D.C. :
_bInternational Monetary Fund,
_c1996-1998.
300 _aXXVII,494p
_c23 cm.
440 _v1
504 _aIncludes bibliographical references and index.
650 0 _aTaxation
_xLaw and legislation.
650 0 _aTax administration and procedure.
650 0 _aBill drafting.
650 0 _aTaxation.
700 1 _aThuronyi, Victor.
906 _a7
_bcbc
_corignew
_d1
_eocip
_f19
_gy-gencatlg
942 _2ddc
_cBK
999 _c431
_d431